| 000 | 01063cam a2200277 4500 | ||
|---|---|---|---|
| 001 | J2540 | ||
| 008 | 090401t1994 xxu||||| |||| 00| 0 eng d | ||
| 035 | _a(Sirsi) u49717 | ||
| 041 | _aeng | ||
| 050 | _a711.309422 | ||
| 110 |
_aThames Gateway Task Force _9702 |
||
| 245 | _aThames Gateway planning framework: consultation draft. | ||
| 260 |
_aLondon _bDepartment of the Environment _c1994 |
||
| 300 | _a73p. : ill.,maps ; 21x30cm. | ||
| 350 | _a0 | ||
| 520 | _aLooks at the potential for the East Thames Corridor stretching from Docklands to Tilbury in Essex and the Isle of Sheppey in Kent. Sets out the DoE`s broad agenda for action and publishes a planning framework which forms a supplement to the D0E`s Regional Planning Guidance for the South East (RPG 9). | ||
| 650 | _aDEVELOPMENT | ||
| 650 | _aEAST THAMES CORRIDOR | ||
| 650 | _aREGIONAL PLANNING | ||
| 650 | _aRPG9 | ||
| 650 | _aSOUTH EAST | ||
| 690 | _aPLANNING LAW AND PRACTICE | ||
| 710 |
_aUnited Kingdom _bDepartment of the Environment _9982 |
||
| 942 | _n0 | ||
| 948 | _c04/03/1997 | ||
| 999 |
_c92593 _d92593 |
||